From tadpole to frog / (Record no. 4347)

MARC details
000 -LEADER
fixed length control field 01146pam a2200385 a 4500
001 - CONTROL NUMBER
control field 4347
003 - CONTROL NUMBER IDENTIFIER
control field FISKH
005 - DATE AND TIME OF LATEST TRANSACTION
control field 20250115144645.0
008 - FIXED-LENGTH DATA ELEMENTS--GENERAL INFORMATION
fixed length control field 930211s1994 nyua j 000 0 eng
010 ## - LIBRARY OF CONGRESS CONTROL NUMBER
LC control number 93003135
020 ## - INTERNATIONAL STANDARD BOOK NUMBER
International Standard Book Number 0060230444
020 ## - INTERNATIONAL STANDARD BOOK NUMBER
International Standard Book Number 9780545273374
020 ## - INTERNATIONAL STANDARD BOOK NUMBER
International Standard Book Number 0060231173 (lib. bdg.)
040 ## - CATALOGING SOURCE
Original cataloging agency DLC
Transcribing agency DLC
Modifying agency DLC
Language of cataloging eng
050 ## - LIBRARY OF CONGRESS CALL NUMBER
Classification number QL668.E2
082 ## - DEWEY DECIMAL CLASSIFICATION NUMBER
Classification number 597.8
100 ## - MAIN ENTRY--PERSONAL NAME
Personal name Zoehfeld, Kathleen Weidner
245 10 - TITLE STATEMENT
Title From tadpole to frog /
Statement of responsibility, etc. by Kathleen Weidner Zoehfeld
260 ## - PUBLICATION, DISTRIBUTION, ETC.
Place of publication, distribution, etc. New York ;
Name of publisher, distributor, etc. Scholastic,
Date of publication, distribution, etc. 2011.
300 ## - PHYSICAL DESCRIPTION
Extent 32 pages :
Other physical details color illustrations ;
Dimensions 23 cm
490 ## - SERIES STATEMENT
Series statement Level 1 Readers
505 ## - FORMATTED CONTENTS NOTE
Formatted contents note K<br/>
520 ## - SUMMARY, ETC.
Summary, etc. Describes the metamorphosis from tadpole to frog.
521 8# - TARGET AUDIENCE NOTE
Target audience note 520<br/>
Source Lexile AD<br/>
521 8# - TARGET AUDIENCE NOTE
Target audience note K<br/>
Source Raz-Plus<br/>
650 #0 - SUBJECT ADDED ENTRY--TOPICAL TERM
Topical term or geographic name entry element Frogs
General subdivision Development
-- Juvenile literature.
650 #0 - SUBJECT ADDED ENTRY--TOPICAL TERM
Topical term or geographic name entry element Tadpoles
General subdivision Juvenile literature.
650 #0 - SUBJECT ADDED ENTRY--TOPICAL TERM
Topical term or geographic name entry element Amphibians
General subdivision Metamorphosis
-- Juvenile literature.
650 #1 - SUBJECT ADDED ENTRY--TOPICAL TERM
Topical term or geographic name entry element Frogs.
650 #1 - SUBJECT ADDED ENTRY--TOPICAL TERM
Topical term or geographic name entry element Tadpoles.
650 #1 - SUBJECT ADDED ENTRY--TOPICAL TERM
Topical term or geographic name entry element Animals
General subdivision Infancy.
906 ## - LOCAL DATA ELEMENT F, LDF (RLIN)
a 7
b cbc
c orignew
d 1
e ocip
f 19
g y-gencatlg
942 ## - ADDED ENTRY ELEMENTS (KOHA)
Source of classification or shelving scheme Dewey Decimal Classification
Koha item type Books
Suppress in OPAC No
Holdings
Withdrawn status Lost status Source of classification or shelving scheme Damaged status Not for loan Collection Home library Current library Shelving location Date acquired Total Checkouts Full call number Barcode Date last seen Copy number Price effective from Koha item type
    Dewey Decimal Classification     Non-Fiction Footprints International School Library Network Toul Kork Campus Footprints International School Library Network Toul Kork Campus TK Primary Library Room(4th Floor), Bookcase 3&4, Shelves 17-32, Yellow Books 07/31/2024   ZOE 597.8 QL668.E2 FISTK01367 07/31/2024 1 07/31/2024 Books
    Dewey Decimal Classification     Non-Fiction Footprints International School Library Network Toul Kork Campus Footprints International School Library Network Toul Kork Campus TK Primary Library Room(4th Floor), Bookcase 3&4, Shelves 17-32, Yellow Books 01/15/2025   ZOE 597.8 QL668.E2 FISBK02623 01/15/2025 2 01/15/2025 Books